000 00953ntaaa2200253 4500
003 01
005 20251027203345.0
008 0714s1973 ag 01
020 _a8486589673
040 _aAR-BaBN
_bspa
_cAR-BaBN
_eaacr
_dRIC
082 _a251 L77
100 _aLloyd-Jones, D. Martyn
_95488
245 _aLa predicación y los predicadores /
_cD. Martyn Lloyd-Jones, traducido por Francisco Farrugia Sánchez, y David Cánovas Williams, y Elena Flores Sanz
260 _aMoral de Calatrava, España :
_bEdit. Peregrino,
_cc2003
300 _a368 p. ;
_c23 cm.
500 _aTítulo original: Preaching and preachers
500 _aDonación de Tomás J. M. Mackey, 2021
500 _aEd. original en inglés: Hodder and Stoughton
650 _aHOMILETICA
_91351
700 _aFarrugia Sánchez, Francisco
_etraductor
_937531
700 _aWilliams, David Cánovas
_etraductor
700 _aFlores Sanz, Elena
_erevisión
_937533
942 _cBK
999 _c29098
_d29098